Statistics for Top Immigrant Group by U.S. Metropolitan Area Excluding Mexico -Extreme

Click here to take the quiz!

General Stats

  • This quiz has been taken 180 times
  • The average score is 14 of 35

Answer Stats

Metro AreaTop group #Answer% Correct
Miami755,122Cuba
91%
New York609,408Dominican Republic
77%
Boston74,556China
62%
Tampa Bay56,990Cuba
62%
Philadelphia72,673India
61%
Baltimore24,519India
49%
Columbus, OH17,903India
47%
Honolulu81,060Philippines
47%
Washington D.C.184,213El Salvador
45%
Pittsburgh11,812India
45%
Richmond10,898India
44%
Cincinnati12,657India
44%
Cleveland10,827India
44%
Bridgeport12,753India
42%
Detroit49,166Iraq
42%
Albany6,044China
41%
Akron3,121India
41%
Harrisburg4,510India
41%
Syracuse3,125China
40%
Orlando33,832Haiti
40%
Dayton3,798India
40%
Worcester8,721India
39%
Buffalo6,778Canada
38%
Rochester4,679China
38%
Fort Myers17,729Cuba
38%
Virginia Beach20,918Philippines
31%
Springfield, MA3,269Dominican Republic
28%
Scranton9,158Dominican Republic
28%
Allentown9,995Dominican Republic
28%
Jacksonville, FL13,423Philippines
28%
New Orleans20,695Honduras
27%
Providence62,800Portugal
24%
Hartford18,245Jamaica
20%
Melbourne, FL3,792Jamaica
20%
Spokane3,318Ukraine
12%

Score Distribution

Percentile by Number Answered

Percent of People with Each Score

Your Score History

You have not taken this quiz